000 01271nam0a2200349 4500
001 RU\NLR\bibl\1310175
005 20250615153805.0
010 _a978-5-486-02444-3
_95000
021 _aRU
_b2008-87517
_95111
035 _a(NLR Aleph) 001295638
090 _a586895
_c586895
100 _a20081219d2008 |||y0rusy50 ca
101 1 _arus
_cger
102 _aRU
105 _aa |||||||||
200 1 _aЭти удивительные кошки
_dWohnen mit katze
_fЕва-Мария Гетц
_g[пер. с нем. Н.Н. Лилиенталь]
_zger
210 _aМосква
_cМир книги
_d2008
215 _a64 с.
_cцв. ил.
_d25
225 1 _aСебе в удовольствие
300 _aАвт. также на нем. яз.: Eva-Maria Götz
510 0 _6z20790
_aWohnen mit katze
_zger
606 1 _aКошки
_xУход и содержание
_91446193
_3RU\NLR\auth\66612407
606 1 _aКошки
_xПоведение
_91446034
_3RU\NLR\auth\66612334
686 _aП674-46
686 _aП674-273.99
700 1 _aГетц
_bЕ. -М.
_gЕва-Мария
_4070
790 1 _6z20510
_aGötz
_bE. -M.
_gEva-Maria
_4070
801 0 _aRU
_bNLR
_c20081219
_gRCR
801 1 _aRU
_bNLR
_c20081219
942 _cBOOK
980 _aNB